City Trivia - Manchester, NH - Statistics

General Stats
  • This quiz has been taken 53 times
  • The average score is 8 of 15
Answer Stats
Hint Answer % Correct
Second largest city of that county, located south Nashua
89%
Comedians who grew up in Manchester, NH Adam Sandler
78%
Manchester is in the greater region of this major city, and its airportcontains the city's name Boston
67%
Manchester is the seat of this county Hillsborough
67%
University on the border of Manchester and Hooksett {Southern} New Hampshire
67%
Major river of Manchester Merrimack River
61%
The Amoskeag Manufacturing Company built 40 of these buildings in Manchester,many of which still stand Textile Mills
61%
Astronaut from nearby East Derry Alan Shepard
44%
Former name of Manchester before 1810 {Derry}field
44%
Manchester suburb with Saint Anselm College Goffstown
44%
Comedians who grew up in Manchester, NH Sarah Silverman
44%
Comedians who grew up in Manchester, NH Seth Meyers
44%
The Athens Building in Manchester contains this old 1915 theatre {Palace} Theatre
33%
Museum that owns 2 homes built by Frank Lloyd Wright {Currier} Museum
28%
Lake of Manchester that swimming is prohibited in {Massabesic} Lake
28%
No matching quizzes found
Score Distribution
Percent of People with Each Score
Percentile by Number Answered
Your Score History
You have not taken this quiz